Catalog

Record Details

Catalog Search



Die Bibel - Entstehung und Überlieferung = = How we got the Bible Cover Image Book Book

Die Bibel - Entstehung und Überlieferung = = How we got the Bible Neil R. Lightfoot ; Übersetzung: Heinz Müller

Lightfoot, Neil R. (Author). Müller, Heinz (Added Author).

Record details

  • Physical Description: 96 S. Bildtafeln
  • Edition: 1. Aufl.
  • Publisher: Augsburg Verlag Lebendiges Wort 1964

Available copies

  • 1 of 1 copy available at Common Catalog SPOK.

Holds

  • 0 current holds with 1 total copy.
Show Only Available Copies
Location Call Number / Copy Notes Barcode Shelving Location Status Due Date
ETS Library 220.1 424470002338 Volný výběr Available -

LDR 00801nam a2 00265
00133497
003CZ-PrJAB
00520030506000000.0
008020213s1964 xr e |||| |ger
009ge
035 . ‡a(CONS)669
035 . ‡aKPS10741
040 . ‡aABG450
041 . ‡ager ‡heng
08214. ‡a220.1
100 . ‡75086 ‡aLightfoot, Neil R.
245 . ‡aDie Bibel - Entstehung und Überlieferung = ‡b= How we got the Bible ‡cNeil R. Lightfoot ; Übersetzung: Heinz Müller
250 . ‡a1. Aufl.
260 . ‡aAugsburg ‡bVerlag Lebendiges Wort ‡c1964
300 . ‡a96 S. ‡bBildtafeln
490 . ‡aBibel in der Zeit ‡v1
653 . ‡aDie Bibel - Entstehung und Überlieferung
700 . ‡74868 ‡aMüller, Heinz
8524 . ‡bETS ‡bETS ‡cVolný výběr ‡j220.1 ‡gA ‡p424470002338
910 . ‡aABG450
999 . ‡a669 ‡bAUTOGEN ‡c669 ‡tbiblio
905 . ‡uadmin
901 . ‡a33497 ‡b ‡c33497 ‡tbiblio ‡sets

Additional Resources